| 000 | 00773nam a2200253 i 4500 | ||
|---|---|---|---|
| 001 | 7818 | ||
| 003 | ES-MaACL | ||
| 005 | 20250902232752.0 | ||
| 007 | t| | ||
| 008 | 910512s1990 xxu ||||1| eng d | ||
| 020 | _a0-674-34566-5 | ||
| 080 | _a575.11 | ||
| 100 | 1 |
_aSuzuki, David. _9108895 |
|
| 245 | 1 | 0 |
_aGenethics _b: the ethics of engineering life / _cDavid Suzuki, Peter Knudtson. |
| 250 | _aRev. ed. | ||
| 260 |
_aCambridge, Massachusetts : _bHarvard University Press, _c1990. |
||
| 300 |
_a[12], 372 p. ; _c23 cm. |
||
| 504 | _aBbibliogr.: p. 351-357. | ||
| 650 | 1 | 7 |
_aIngeniería genética _2embne _913775 |
| 650 | 1 | 4 |
_aGenética. _913057 |
| 700 | 1 |
_aKnudtson, Peter. _968383 |
|
| 852 |
_aES-MaACL _jL-15095 _bR.119023 _z. - rust. |
||
| 999 |
_c7818 _d7818 |
||